[Event "19th Prague Open-A 2020"]
[Site "Prague"]
[Date "2020.01.11"]
[Round "2.15"]
[White "Liu, Zhaoqi"]
[Black "Adamko, Peter"]
[Result "1-0"]
[WhiteElo "2328"]
[BlackElo "2082"]
[Annotator "TA"]
[PlyCount "65"]
[EventDate "2020.01.10"]
[EventType "swiss"]
[EventCountry "CZE"]
[SourceTitle "playchess.com"]
[Source "ChessBase"]
[SourceQuality "1"]

{[%evp 12,75,0,2,22,19,16,5,32,-39,6,0,0,0,0,0,0,0,35,-54,-39,-47,-53,-46,-44,-50,-18,-25,-12,-14,-8,-12,0,0,42,23,238,237,247,233,245,241,281,279,559,548,504,481,567,567,817,816,827,810,829,822,1222,1108,6004,6004,5622,5485,2731,2368,29991,29992]} 1. c4 Nf6 2. Nc3 e5 3. Nf3 Nc6 4. e4 d6 5. d4 Bg4 6. d5 Nd4 7. Be3 Nxf3+ {A28: English Opening: Four Knights Variation} 8. gxf3 Bd7 9. Qd2 (9. Qb3 b6 10. h4 g6 11. Bh3 Bg7 12. Bxd7+ Qxd7 13. Qb5 Qxb5 14. cxb5 Kd7 15. Rc1 {1-0 (35) Nepomniachtchi,I (2767)-Postny,E (2605) Moscow 2019}) 9... Nh5 {The position is equal.} 10. Be2 (10. Ne2 $14) 10... h6 11. Rg1 $146 ({Predecessor:} 11. f4 Nxf4 12. Bxf4 exf4 13. Qxf4 Be7 14. Bg4 Bg5 15. Bxd7+ Qxd7 {0-1 (35) Budt,K-Schmidt,M Germany 1985}) 11... g5 12. O-O-O Nf4 13. Kb1 a6 14. Rc1 f6 15. b4 ({White should try} 15. h4 $14) 15... a5 $15 16. a3 axb4 17. axb4 b6 18. Kb2 Be7 19. Ra1 Kf7 20. Nb5 Rxa1 21. Rxa1 Qb8 22. Bf1 Qb7 23. Qc3 Rc8 $2 (23... Qb8 $11 {and Black stays safe.}) 24. Ra7 $18 Qb8 {[#] aiming for ...Bxb5.} 25. Qa3 $1 Bxb5 26. cxb5 Re8 27. Qa6 Kg6 $2 (27... Qc8 28. Bxf4 exf4 29. Qxc8 Rxc8) 28. Rb7 Qc8 29. Qa7 Bd8 {[#]} 30. Bxb6 $1 {[%mdl 512]} Re7 (30... cxb6 31. Rg7+) 31. Be3 g4 32. b6 gxf3 33. Qb8 {Played: Rb7-b8} 1-0

[Event "19th Prague Open-A 2020"]
[Site "Prague"]
[Date "2020.01.11"]
[Round "2.16"]
[White "Tsotsonava, Elene"]
[Black "Nasshan, Dennis"]
[Result "0-1"]
[WhiteElo "2078"]
[BlackElo "2307"]
[Annotator "TA"]
[PlyCount "72"]
[EventDate "2020.01.10"]
[EventType "swiss"]
[EventCountry "CZE"]
[SourceTitle "playchess.com"]
[Source "ChessBase"]
[SourceQuality "1"]

{[%evp 15,78,16,9,-3,0,0,0,0,-2,0,0,0,14,4,9,-19,-21,-85,-22,-16,0,0,0,-122,-26,-80,-33,-67,-30,-64,-49,-45,-41,-47,8,-68,-27,-51,-37,-90,-97,-121,-95,-115,-99,-175,-168,-369,-222,-247,-252,-243,-238,-495,-480,-507,-506,-754,-689,-694,-690,-1091,-1070,-29998,-29999]} 1. e4 c6 2. d4 d5 3. e5 Bf5 4. h4 h5 5. c4 e6 6. Nc3 Ne7 7. Bg5 dxc4 8. Bxc4 Nd7 9. a3 {B12: Caro-Kann: Advance Variation} (9. Nge2 Nb6 10. Bb3 Qd7 11. Qd2 Ned5 12. Rd1 Be7 13. Ng3 Bg6 14. Bxe7 Qxe7 15. Nce4 O-O-O 16. Nd6+ Kb8 {½-½ (43) McShane,L (2674)-Shimanov,A (2593) Las Vegas 2015}) 9... f6 10. exf6 gxf6 11. Bf4 {The position is equal.} Nb6 12. Be2 Bg6 $146 ({Predecessor:} 12... Ned5 13. Bxh5+ Kd7 14. Bc1 Bd6 {½-½ (29) Cvak,R (2248)-Viviani,E (2149) ICCF email 2015}) 13. Bf3 Ned5 14. Nge2 Qd7 15. Ne4 O-O-O $36 {[%mdl 2048] Black has some pressure.} 16. Bg3 (16. Bh2 $11) 16... Bxe4 (16... Qh7 $17 17. Qc2 Be7) 17. Bxe4 $11 Bd6 18. Bxd6 Qxd6 19. b4 (19. Qc2 $11) 19... Nf4 (19... f5 $17 20. Bxd5 Nxd5) 20. O-O (20. Bf3 $11 {keeps the balance.}) 20... Kb8 21. a4 Nbd5 22. Bf3 Nxe2+ 23. Qxe2 Nf4 24. Qc2 Rdg8 ({Of course not} 24... Qxb4 $6 25. Rab1 $16) (24... Rhg8 $15 25. g3 Qxd4) 25. Qc5 ({White should play} 25. Kh1 $11) 25... Qxc5 (25... Nh3+ {is more complex.} 26. Kh1 Qf4 27. Ra3 Qxh4 28. Qd6+ Ka8) 26. dxc5 Ng6 27. g3 (27. Ra3 $15) 27... Nxh4 $1 $17 28. Be2 Nf5 29. Bc4 Nd4 30. Rfd1 (30. Kg2 $17 {was necessary.}) 30... Rg4 $19 31. Kf1 $2 (31. Kg2 {is a better defense.}) 31... e5 {Hoping for ...Nc2.} 32. Ra3 h4 {And now ...hxg3 would win.} 33. Kg2 hxg3 34. fxg3 $2 (34. Rxg3 Rgh4 35. Rg6) 34... Nc2 {[%mdl 64] [#] Discovered Attack} 35. Be6 Rxb4 (35... Nxa3 $2 36. Bxg4 Nc2 37. Rb1 $19) 36. Rf3 Rb2 {Played: Nc2-d4} 0-1

[Event "19th Prague Open-A 2020"]
[Site "Prague"]
[Date "2020.01.11"]
[Round "3.1"]
[White "Nasshan, Dennis"]
[Black "Quesada Perez, Luis Ernesto"]
[Result "0-1"]
[WhiteElo "2307"]
[BlackElo "2491"]
[Annotator "RC"]
[PlyCount "104"]
[EventDate "2020.01.10"]
[EventType "swiss"]
[EventCountry "CZE"]
[SourceTitle "playchess.com"]
[Source "ChessBase"]
[SourceQuality "1"]
[TimeControl "40/5400+30:1800+30"]

1. d4 {[%emt 0:00:00]} Nf6 2. c4 {[%emt 0:00:00]} c5 {[%emt 0:13:46]} 3. d5 {[%emt 0:00:00]} e6 {[%emt 0:00:05]} 4. Nc3 {[%emt 0:00:07]} exd5 {[%emt 0:00:05]} 5. cxd5 {[%emt 0:00:07]} d6 {[%emt 0:00:04]} 6. Nf3 {[%emt 0:02:43]} g6 {[%emt 0:00:24]} 7. g3 {[%emt 0:00:25]} Bg7 {[%emt 0:00:05]} 8. Bg2 {[%emt 0:00:07]} O-O {[%emt 0:00:06]} 9. O-O {[%emt 0:00:04]} Re8 {[%emt 0:01:24]} 10. Nd2 {[%emt 0:00:07]} Nbd7 {[%emt 0:02:03]} 11. h3 {[%emt 0:00:08]} a6 {[%emt 0:00:25]} 12. a4 {[%emt 0:00:06]} Rb8 {[%emt 0:00:59]} 13. Nc4 {[%emt 0:00:15]} Ne5 {[%emt 0:01:40]} 14. Na3 {[%emt 0:01:09]} Nh5 {[%emt 0:00:50]} 15. e4 {[%emt 0:00:15]} Bd7 {[%emt 0:02:37]} 16. a5 {[%emt 0:01:52]} b5 {[%emt 0:03:42]} 17. axb6 {[%emt 0:00:17]} Bb5 {[%emt 0:00:05]} 18. Naxb5 {[%emt 0:00:07]} axb5 {[%emt 0:00:05]} 19. Nxb5 {[%emt 0:00:04]} Qxb6 {[%emt 0:00:09]} 20. Nc3 {[%emt 0:00:08]} Nc4 {[%emt 0:01:15]} 21. Ra2 {[%emt 0:13:58]} Qb3 {[%emt 0:11:14]} 22. Qxb3 Rxb3 23. g4 {[%emt 0:10:40]} Nf6 {[%emt 0:00:41]} 24. f4 {[%emt 0:00:52]} Reb8 {[%emt 0:05:59]} 25. Rf2 {[%emt 0:19:14]} Nd7 {[%emt 0:00:56]} 26. Rc2 {[%emt 0:08:59]} Bd4+ {[%emt 0:32:33]} 27. Kh2 {[%emt 0:03:25]} Be3 {[%emt 0:00:37]} 28. Bxe3 {[%emt 0:14:41]} Nxe3 {[%emt 0:00:28]} 29. Re2 {[%emt 0:00:07]} Nc4 {[%emt 0:00:37]} 30. Nd1 {[%emt 0:04:02]} g5 {[%emt 0:01:29]} 31. Rc2 {[%emt 0:03:37]} Ne3 {[%emt 0:08:55]} 32. Nxe3 Rxe3 {[%emt 0:00:02]} 33. Ra7 {[%emt 0:05:05]} Rd8 {[%emt 0:00:29]} 34. fxg5 {[%emt 0:01:08]} Rb3 {[%emt 0:00:33]} 35. Bf1 {[%emt 0:04:54]} Ne5 {[%emt 0:00:13]} 36. Ra3 {[%emt 0:01:41]} Rb4 {[%emt 0:02:11]} 37. Bg2 {[%emt 0:01:44]} Rdb8 {[%emt 0:01:22]} 38. Ra6 {[%emt 0:01:29]} R4b6 {[%emt 0:01:22]} 39. Rxb6 Rxb6 {[%emt 0:00:01]} 40. Bf1 {[%emt 0:03:50]} Rb3 {[%emt 0:07:56]} 41. Bc4 {[%emt 0:10:25]} Re3 {[%emt 0:00:56]} 42. b3 {[%emt 0:01:58]} Nf3+ {[%emt 0:00:49]} 43. Kh1 {[%emt 0:00:54]} Nxg5 {[%emt 0:00:12]} 44. Re2 {[%emt 0:05:09]} Rxh3+ {[%emt 0:04:26]} 45. Kg2 {[%emt 0:00:35]} f6 {[%emt 0:01:14]} 46. Ra2 {[%emt 0:00:23]} Re3 {[%emt 0:01:29]} 47. Ra8+ {[%emt 0:02:50]} Kg7 {[%emt 0:01:54]} 48. Ra7+ {[%emt 0:00:19]} Kh6 {[%emt 0:00:12]} 49. Rd7 {[%emt 0:03:15]} Nxe4 {[%emt 0:01:01]} 50. Re7 {[%emt 0:00:06]} Kg5 {[%emt 0:03:57]} 51. Rxh7 {[%emt 0:01:28]} Kxg4 {[%emt 0:00:08]} 52. Rg7+ {[%emt 0:00:13]} Kf4 {[%emt 0:00:07]} 0-1

[Event "19th Prague Open-A 2020"]
[Site "Prague"]
[Date "2020.01.11"]
[Round "3.2"]
[White "Stankovic, Milos"]
[Black "Svanda, Ondrej"]
[Result "1/2-1/2"]
[WhiteElo "2466"]
[BlackElo "2257"]
[Annotator "ChessBase"]
[PlyCount "62"]
[EventDate "2020.01.10"]
[EventType "swiss"]
[EventCountry "CZE"]
[SourceTitle "playchess.com"]
[Source "ChessBase"]
[SourceQuality "1"]
[TimeControl "40/5400+30:1800+30"]

1. e4 {[%emt 0:00:40]} c5 {[%emt 0:00:00]} 2. Nf3 {[%emt 0:00:33]} e6 {[%emt 0:00:00]} 3. d4 {[%emt 0:00:32]} cxd4 {[%emt 0:00:00]} 4. Nxd4 {[%emt 0:00:28]} Nc6 {[%emt 0:00:00]} 5. Nc3 {[%emt 0:00:38]} Qc7 {[%emt 0:00:04]} 6. f4 {[%emt 0:01:22]} a6 {[%emt 0:00:18]} 7. Nxc6 {[%emt 0:01:30]} bxc6 {[%emt 0:00:12]} 8. Bd3 {[%emt 0:00:45]} d5 {[%emt 0:00:37]} 9. O-O {[%emt 0:01:17]} Nf6 {[%emt 0:00:08]} 10. Qf3 {[%emt 0:00:37]} Be7 {[%emt 0:00:34]} 11. Kh1 {[%emt 0:00:31]} O-O {[%emt 0:06:01]} 12. Bd2 {[%emt 0:01:27]} Re8 {[%emt 0:00:17]} 13. Rae1 {[%emt 0:03:28]} Bf8 {[%emt 0:07:49]} 14. Qg3 {[%emt 0:08:42]} g6 {[%emt 0:06:32]} 15. b3 {[%emt 0:13:48]} Bg7 {[%emt 0:09:20]} 16. e5 {[%emt 0:04:12]} Nd7 {[%emt 0:01:33]} 17. h4 {[%emt 0:00:23]} a5 {[%emt 0:04:45]} 18. h5 {[%emt 0:04:52]} Ba6 {[%emt 0:01:48]} 19. Na4 {[%emt 0:01:21]} Bxd3 {[%emt 0:08:21]} 20. cxd3 {[%emt 0:01:35]} c5 {[%emt 0:00:38]} 21. Rc1 {[%emt 0:01:14]} Qa7 {[%emt 0:00:44]} 22. Rc2 {[%emt 0:01:56]} Bf8 {[%emt 0:01:56]} 23. Rfc1 {[%emt 0:02:37]} Qa6 {[%emt 0:03:05]} 24. Qh3 {[%emt 0:01:42]} Rac8 {[%emt 0:02:48]} 25. Be1 {[%emt 0:02:20]} Rc6 {[%emt 0:05:36]} 26. Bf2 {[%emt 0:07:05]} Rec8 {[%emt 0:00:56]} 27. Nc3 {[%emt 0:01:39]} Qb7 {[%emt 0:04:15]} 28. Nd1 {[%emt 0:02:55]} Qa6 {[%emt 0:02:58]} 29. Nc3 {[%emt 0:02:47]} Qb7 {[%emt 0:00:04]} 30. Nd1 {[%emt 0:01:55]} Qa6 {[%emt 0:00:02]} 31. Nc3 {[%emt 0:02:26]} Qb7 1/2-1/2

[Event "19th Prague Open-A 2020"]
[Site "Prague"]
[Date "2020.01.11"]
[Round "3.3"]
[White "Chyzy, Jakub"]
[Black "Cernousek, Lukas"]
[Result "0-1"]
[WhiteElo "2291"]
[BlackElo "2447"]
[Annotator "TA"]
[PlyCount "120"]
[EventDate "2020.01.10"]
[EventType "swiss"]
[EventCountry "CZE"]
[SourceTitle "playchess.com"]
[Source "ChessBase"]
[SourceQuality "1"]

{[%evp 10,120,8,-10,-5,8,17,17,23,-4,-12,-17,5,0,0,-5,0,-37,72,51,63,68,81,64,92,50,61,83,62,0,15,23,19,-18,12,38,37,-2,46,-8,0,-33,-9,-12,0,0,0,0,0,0,0,-41,-41,-70,-74,-66,-77,-105,-99,-92,-93,-93,-89,-94,-102,-169,-156,-162,-155,-274,-252,-267,-262,-262,-262,-260,-233,-416,-395,-389,-283,-451,-450,-422,-430,-525,-437,-556,-544,-546,-509,-540,-549,-610,-602,-579,-512,-548,-460,-520,-531,-466,-354,-718,-699,-29970,-29970,-29974,-29973,-29982,-29983,-29982,-29983]} 1. e4 c6 2. d4 d5 3. e5 Bf5 4. Nf3 e6 5. a3 Nd7 6. Be2 Ne7 {B12: Caro-Kann: Advance Variation} 7. O-O h6 (7... Bg6 8. c3 c5 9. Re1 Rc8 10. Bd3 Bxd3 11. Qxd3 Nf5 12. Nbd2 Be7 13. g4 Nh4 14. Nxh4 Bxh4 {0-1 (25) Short,N (2698)-Laznicka,V (2703) Porto Carras 2011}) 8. Nbd2 g5 {The position is equal.} 9. Ne1 c5 $146 ({Predecessor:} 9... Bg7 10. Nd3 Qb6 11. Nb3 Qc7 12. f4 b6 13. fxg5 hxg5 14. Bxg5 {0-1 (32) Sorensen,J (2422)-Rasmussen,A (2486) Denmark 2014}) 10. c3 Qc7 11. b4 c4 12. a4 O-O-O 13. Nc2 Bg7 (13... f6 $15 {keeps the upper hand.}) 14. b5 $16 Nxe5 15. dxe5 Bxe5 {[%mdl 64] Double Attack} 16. Nd4 Bxh2+ 17. Kh1 Bd6 18. a5 Qd7 19. Nxf5 Nxf5 20. b6 a6 $1 21. Qa4 (21. Nf3 {seems wilder.} Qe7 22. Nd4 Nxd4 23. Qxd4 h5 24. Kg1) 21... Qxa4 (21... Qe7 {with more complications.} 22. Bg4 Ng7 23. Ba3 h5 24. Bd1 g4) 22. Rxa4 Be5 23. Bb2 Nd6 24. Raa1 (24. Bh5 $14) 24... h5 25. Rae1 Bg7 {[%mdl 1024] Black has compensation.} 26. Bd1 g4 27. Nb1 Rh6 28. Bc1 Rg6 29. Bc2 f5 $1 30. Bf4 Kd7 31. Re3 Bh6 32. Bxh6 Rxh6 33. Rfe1 {[#]} Rc8 $1 34. Nd2 Rc5 35. Ra1 Ke7 36. Kh2 Rb5 37. Re2 (37. Ra2 $17 {keeps fighting.}) 37... Rb2 $19 38. Bd1 Nb5 39. Nb1 {[#]} (39. Rc1 $17 {might work better.}) 39... Rxb1 $1 {[%mdl 576] Remove Defender, Decoy} 40. Rxb1 {Hoping for Rc1.} Nxc3 {[%mdl 64] Double Attack} 41. Rc1 Nxe2 42. Bxe2 {[%mdl 4096] Endgame KRB-KR} Kd6 43. Kg3 $2 (43. Bxc4 dxc4 44. Rxc4) 43... h4+ 44. Kh2 h3 45. f3 (45. Bxc4 $142 dxc4 46. Rxc4) 45... hxg2+ 46. Kxg2 gxf3+ 47. Bxf3 Kc5 48. Rd1 Kb4 49. Ra1 Rh8 50. Kg3 c3 51. Rc1 Rc8 52. Kf4 Kxa5 53. Ke5 Rc6 54. Kd4 c2 55. Be2 Kb4 56. Bxa6 $2 (56. Bd3) 56... Kb3 {aiming for ...Kb2.} 57. Bd3 {and the idea Ke3 leaves White hopeful.} Kb2 {Black mates.} 58. Rxc2+ Rxc2 59. Bxc2 Kxc2 60. Ke5 {[#]} f4 $1 {Accuracy: White = 39%, Black = 73%.} 0-1

[Event "19th Prague Open-A 2020"]
[Site "Prague"]
[Date "2020.01.11"]
[Round "3.4"]
[White "Vignesh B"]
[Black "Budnikov, Oleg"]
[Result "1/2-1/2"]
[WhiteElo "1912"]
[BlackElo "2432"]
[Annotator "ChessBase"]
[PlyCount "81"]
[EventDate "2020.01.10"]
[EventType "swiss"]
[EventCountry "CZE"]
[SourceTitle "playchess.com"]
[Source "ChessBase"]
[SourceQuality "1"]
[TimeControl "40/5400+30:1800+30"]

1. e4 {[%emt 0:00:00]} c5 {[%emt 0:10:18]} 2. Nf3 {[%emt 0:00:00]} Nc6 {[%emt 0:00:11]} 3. d4 {[%emt 0:00:00]} cxd4 {[%emt 0:00:05]} 4. Nxd4 {[%emt 0:00:00]} Qb6 {[%emt 0:01:40]} 5. Nb3 {[%emt 0:00:43]} Nf6 {[%emt 0:00:15]} 6. Nc3 {[%emt 0:00:09]} e6 {[%emt 0:00:07]} 7. Be3 {[%emt 0:00:10]} Qc7 {[%emt 0:00:08]} 8. a3 {[%emt 0:02:19]} a6 {[%emt 0:00:11]} 9. f4 {[%emt 0:01:24]} d6 {[%emt 0:00:08]} 10. a4 {[%emt 0:00:26]} b6 {[%emt 0:00:48]} 11. Be2 {[%emt 0:00:12]} Be7 {[%emt 0:00:07]} 12. O-O {[%emt 0:00:28]} O-O {[%emt 0:00:04]} 13. Bf3 {[%emt 0:03:06]} Rb8 {[%emt 0:00:13]} 14. Qe1 {[%emt 0:07:33]} Na5 {[%emt 0:01:45]} 15. Nd2 {[%emt 0:18:56]} b5 {[%emt 0:14:38]} 16. axb5 {[%emt 0:02:11]} axb5 {[%emt 0:00:06]} 17. Qf2 {[%emt 0:05:53]} b4 {[%emt 0:04:04]} 18. Na4 {[%emt 0:00:29]} Nd7 {[%emt 0:00:26]} 19. Rfc1 {[%emt 0:10:18]} Bf6 {[%emt 0:07:20]} 20. c3 {[%emt 0:02:07]} bxc3 {[%emt 0:00:26]} 21. Nxc3 {[%emt 0:00:33]} Qd8 {[%emt 0:02:28]} 22. Rab1 {[%emt 0:04:26]} Rb4 {[%emt 0:06:12]} 23. b3 {[%emt 0:00:48]} Bxc3 {[%emt 0:02:01]} 24. Rxc3 {[%emt 0:00:03]} Bb7 {[%emt 0:00:32]} 25. Nc4 {[%emt 0:03:28]} Nxc4 {[%emt 0:00:15]} 26. Rxc4 {[%emt 0:00:02]} Rxc4 {[%emt 0:00:31]} 27. bxc4 {[%emt 0:00:02]} Qa8 {[%emt 0:00:47]} 28. Rd1 {[%emt 0:12:53]} Nf6 {[%emt 0:03:31]} 29. e5 {[%emt 0:01:30]} dxe5 {[%emt 0:00:10]} 30. fxe5 {[%emt 0:00:41]} Ne4 {[%emt 0:00:30]} 31. Qc2 {[%emt 0:02:35]} Rc8 {[%emt 0:00:40]} 32. Rd4 {[%emt 0:04:21]} Nc5 {[%emt 0:05:36]} 33. Bxb7 {[%emt 0:01:07]} Qxb7 {[%emt 0:00:11]} 34. h3 {[%emt 0:01:11]} Qc7 {[%emt 0:00:31]} 35. Qd1 {[%emt 0:03:08]} Nb7 {[%emt 0:01:46]} 36. Qh5 {[%emt 0:00:27]} Qa5 {[%emt 0:08:25]} 37. Rd7 {[%emt 0:00:21]} Rf8 {[%emt 0:00:37]} 38. Kh2 {[%emt 0:02:25]} Nd8 {[%emt 0:01:28]} 39. Ra7 {[%emt 0:09:05]} Qb4 {[%emt 0:01:44]} 40. Qg4 {[%emt 0:01:18]} Qb8 {[%emt 0:00:41]} 41. Ra5 {[%emt 0:32:50]} 1/2-1/2

[Event "19th Prague Open-A 2020"]
[Site "Prague"]
[Date "2020.01.11"]
[Round "3.5"]
[White "Pushkov, Nikolai"]
[Black "Lalic, Bogdan"]
[Result "1/2-1/2"]
[WhiteElo "2239"]
[BlackElo "2402"]
[Annotator "ChessBase"]
[PlyCount "24"]
[EventDate "2020.01.10"]
[EventType "swiss"]
[EventCountry "CZE"]
[SourceTitle "playchess.com"]
[Source "ChessBase"]
[SourceQuality "1"]
[TimeControl "40/5400+30:1800+30"]

1. d4 {[%emt 0:00:00]} Nf6 {[%emt 0:00:00]} 2. c4 {[%emt 0:00:00]} e6 {[%emt 0:00:00]} 3. Nf3 {[%emt 0:00:00]} b6 {[%emt 0:00:00]} 4. g3 {[%emt 0:00:00]} Ba6 {[%emt 0:00:00]} 5. Qa4 {[%emt 0:00:03]} Bb7 {[%emt 0:00:06]} 6. Bg2 {[%emt 0:00:06]} c5 {[%emt 0:00:08]} 7. dxc5 {[%emt 0:00:06]} bxc5 {[%emt 0:00:09]} 8. Nc3 {[%emt 0:00:10]} Be7 {[%emt 0:00:11]} 9. O-O {[%emt 0:00:07]} O-O {[%emt 0:00:10]} 10. Rd1 {[%emt 0:00:06]} Qb6 {[%emt 0:00:13]} 11. Qb5 {[%emt 0:00:24]} Qc7 {[%emt 0:00:26]} 12. Bf4 {[%emt 0:00:14]} d6 {[%emt 0:00:08]} 1/2-1/2

[Event "19th Prague Open-A 2020"]
[Site "Prague"]
[Date "2020.01.11"]
[Round "3.6"]
[White "Sharma Isha"]
[Black "Kozak, Antoni"]
[Result "1-0"]
[WhiteElo "2169"]
[BlackElo "2380"]
[Annotator "ChessBase"]
[PlyCount "179"]
[EventDate "2020.01.10"]
[EventType "swiss"]
[EventCountry "CZE"]
[SourceTitle "playchess.com"]
[Source "ChessBase"]
[SourceQuality "1"]
[TimeControl "40/5400+30:1800+30"]

1. e4 {[%emt 0:00:00]} c5 {[%emt 0:00:00]} 2. Nf3 {[%emt 0:00:00]} e6 {[%emt 0:00:00]} 3. g3 {[%emt 0:00:08]} d5 {[%emt 0:00:00]} 4. exd5 {[%emt 0:00:05]} exd5 {[%emt 0:00:02]} 5. d4 {[%emt 0:00:24]} Nf6 {[%emt 0:00:05]} 6. Bg2 {[%emt 0:00:21]} cxd4 {[%emt 0:00:10]} 7. O-O {[%emt 0:01:00]} Be7 {[%emt 0:00:03]} 8. Nxd4 {[%emt 0:00:31]} O-O {[%emt 0:00:17]} 9. c3 {[%emt 0:03:53]} Nc6 {[%emt 0:00:36]} 10. Bf4 {[%emt 0:02:44]} Bg4 {[%emt 0:01:48]} 11. Qd3 {[%emt 0:00:27]} Qd7 {[%emt 0:00:27]} 12. Re1 {[%emt 0:02:56]} Bc5 {[%emt 0:10:08]} 13. Nb3 {[%emt 0:00:43]} Bb6 {[%emt 0:00:43]} 14. Na3 {[%emt 0:02:49]} Rfe8 {[%emt 0:22:13]} 15. Nb5 {[%emt 0:12:54]} Ne4 {[%emt 0:02:30]} 16. N5d4 {[%emt 0:00:49]} Bh5 {[%emt 0:02:27]} 17. Qb5 {[%emt 0:09:19]} Bg6 {[%emt 0:09:39]} 18. a4 {[%emt 0:00:47]} Nb8 {[%emt 0:11:28]} 19. Bf1 {[%emt 0:29:31]} Qxb5 {[%emt 0:04:03]} 20. Bxb5 {[%emt 0:00:30]} Rc8 {[%emt 0:00:05]} 21. a5 {[%emt 0:02:02]} Bd8 {[%emt 0:00:50]} 22. f3 {[%emt 0:01:11]} Nf6 {[%emt 0:00:10]} 23. g4 {[%emt 0:00:09]} h6 {[%emt 0:00:20]} 24. h4 {[%emt 0:00:07]} a6 {[%emt 0:00:37]} 25. Bf1 {[%emt 0:01:15]} Nc6 {[%emt 0:05:13]} 26. Bh3 {[%emt 0:03:15]} Bc7 {[%emt 0:00:20]} 27. g5 {[%emt 0:06:25]} Bxf4 {[%emt 0:00:20]} 28. Bxc8 {[%emt 0:00:06]} Rxc8 {[%emt 0:00:04]} 29. gxf6 {[%emt 0:00:05]} Bg3 {[%emt 0:00:49]} 30. Re2 {[%emt 0:09:26]} Bxh4 {[%emt 0:00:46]} 31. fxg7 {[%emt 0:00:19]} Bf6 {[%emt 0:00:06]} 32. Nxc6 {[%emt 0:00:19]} bxc6 {[%emt 0:00:29]} 33. Rd1 {[%emt 0:03:14]} Rb8 {[%emt 0:03:03]} 34. Nc5 {[%emt 0:00:06]} Rb5 {[%emt 0:00:04]} 35. Nxa6 {[%emt 0:00:11]} Rxa5 {[%emt 0:00:04]} 36. Nb4 {[%emt 0:00:04]} Rc5 {[%emt 0:01:20]} 37. Re8+ {[%emt 0:00:34]} Kxg7 {[%emt 0:00:08]} 38. Rc8 {[%emt 0:00:07]} Rb5 {[%emt 0:00:11]} 39. Rxc6 {[%emt 0:00:23]} d4 {[%emt 0:00:03]} 40. Kg2 {[%emt 0:01:54]} dxc3 {[%emt 0:00:29]} 41. bxc3 {[%emt 0:30:30]} Bxc3 42. Rxc3 {[%emt 0:00:10]} Rxb4 {[%emt 0:30:09]} 43. Kg3 {[%emt 0:00:16]} Rb5 {[%emt 0:00:16]} 44. Rd4 {[%emt 0:00:31]} Rg5+ {[%emt 0:00:07]} 45. Kf2 {[%emt 0:00:04]} Ra5 {[%emt 0:00:06]} 46. f4 {[%emt 0:00:30]} Rb5 {[%emt 0:00:21]} 47. Kg3 {[%emt 0:00:12]} Ra5 {[%emt 0:00:06]} 48. Rdc4 {[%emt 0:00:45]} Bf5 {[%emt 0:00:12]} 49. Kh4 {[%emt 0:00:19]} Ra1 {[%emt 0:01:16]} 50. Kg3 {[%emt 0:01:26]} Ra5 {[%emt 0:00:16]} 51. Rc5 {[%emt 0:00:10]} Rxc5 {[%emt 0:00:04]} 52. Rxc5 {[%emt 0:00:02]} Kg6 {[%emt 0:00:06]} 53. Rc6+ {[%emt 0:00:35]} f6 {[%emt 0:00:07]} 54. Rc7 {[%emt 0:00:23]} Be4 {[%emt 0:00:13]} 55. Kg4 {[%emt 0:00:18]} Bf5+ {[%emt 0:00:04]} 56. Kh4 {[%emt 0:00:04]} Be4 {[%emt 0:00:55]} 57. Rc5 {[%emt 0:00:14]} Bf5 {[%emt 0:00:05]} 58. Ra5 {[%emt 0:00:11]} Bd3 {[%emt 0:00:15]} 59. Kg4 {[%emt 0:00:12]} Be2+ {[%emt 0:00:03]} 60. Kg3 {[%emt 0:00:03]} Bd3 {[%emt 0:00:04]} 61. Kf3 {[%emt 0:00:15]} Bf5 {[%emt 0:00:24]} 62. Ra1 {[%emt 0:00:37]} Bc2 {[%emt 0:00:27]} 63. Rg1+ {[%emt 0:00:10]} Kf5 {[%emt 0:00:23]} 64. Ke3 {[%emt 0:00:04]} h5 {[%emt 0:01:03]} 65. Rc1 {[%emt 0:01:20]} Bb3 {[%emt 0:01:15]} 66. Rc3 {[%emt 0:00:29]} Bd1 {[%emt 0:00:10]} 67. Rc5+ {[%emt 0:00:28]} Kg4 {[%emt 0:01:14]} 68. Rc1 {[%emt 0:00:06]} Ba4 {[%emt 0:01:15]} 69. Ke4 {[%emt 0:01:32]} Bd7 {[%emt 0:04:02]} 70. Rg1+ {[%emt 0:02:34]} Kh3 {[%emt 0:00:06]} 71. f5 {[%emt 0:01:27]} h4 {[%emt 0:07:39]} 72. Kf4 {[%emt 0:03:03]} Kh2 {[%emt 0:00:17]} 73. Rd1 {[%emt 0:01:11]} Bc8 {[%emt 0:00:42]} 74. Rd2+ {[%emt 0:00:36]} Kg1 {[%emt 0:00:19]} 75. Rd1+ {[%emt 0:00:00]} Kg2 {[%emt 0:00:00]} 76. Rd2+ {[%emt 0:00:00]} Kg1 {[%emt 0:00:00]} 77. Rd8 {[%emt 0:00:00]} Bxf5 {[%emt 0:00:00]} 78. Kxf5 {[%emt 0:00:00]} h3 {[%emt 0:00:00]} 79. Kg4 {[%emt 0:00:00]} h2 {[%emt 0:00:00]} 80. Rd1+ {[%emt 0:00:00]} Kg2 {[%emt 0:00:00]} 81. Rd2+ {[%emt 0:00:00]} Kg1 {[%emt 0:00:00]} 82. Kg3 {[%emt 0:00:00]} h1=N+ {[%emt 0:00:00]} 83. Kf3 {[%emt 0:00:00]} f5 {[%emt 0:00:00]} 84. Rd1+ {[%emt 0:00:00]} Kh2 {[%emt 0:00:00]} 85. Rd8 {[%emt 0:00:00]} f4 {[%emt 0:00:00]} 86. Rd2+ {[%emt 0:00:07]} Kg1 {[%emt 0:00:00]} 87. Kxf4 {[%emt 0:00:07]} Nf2 {[%emt 0:00:00]} 88. Kf3 {[%emt 0:00:04]} Nh3 {[%emt 0:00:00]} 89. Kg3 {[%emt 0:00:04]} Ng5 {[%emt 0:00:00]} 90. Rd1# {[%emt 0:00:05]} 1-0